LEADER 01287nam a2200277 4500 001 000000352868 003 CaOOAMICUS 005 20230207100823.0 008 230206s2016 it 000 u ita r 020 $a978-88-917-4284-1 040 $aSeMil$bita 100 1 $aAcerbi, Carla.$0(OLS)http://semarc/name/117097 245 10$aPedagogia dell'oratorio :$bcriticità e prospettive educative /$cCarla Acerbi, Marialisa Rizzo. 264 1$aMilano :$bFranco Angeli,$c2016. 300 $a193 p. ;$c23 cm 490 1 $aI territori dell'educazione ;$v13 650 4$aPedagogia cristiana.$0(OLS)http://semarc/subject/3210 650 4$aOratorio - Funzione educativa.$0(OLS)http://semarc/subject/47011 700 1 $aRizzo, Marialisa.$0(OLS)http://semarc/name/117098 830 2$aI territori dell'educazione ;$v13.$0(OLS)http://semarc/title/442807 850 $aSeMil 852 $aSeMil$W1$xVenegono$y1$m2Q III 544$j237013$B244098$CSeMilBibl$Z2$F244098 $81 996 $6020$a978-88-917-4284-1$9(OLS)http://semarc/number/297596 996 $6245$aPedagogia dell'oratorio :$bcriticità e prospettive educative$9(OLS)http://semarc/title/442806 996 $6264$aMilano :$bFranco Angeli$9(OLS)http://semarc/publisher/30369 LEADER 00958nam a2200241 i 4500 001 000000118523 003 CaOOAMICUS 005 20031001000000.0 008 031001s2003 it u000 u ita u 013 $a91216 040 $aSeMil$bita 100 1 $aVeronesi, Sandro,$d<1959- >.$0(OLS)http://semarc/name/49489 245 13$aLa forza del passato /$cSandro Veronesi ; prefazione Cesare Fiumi. 260 $aMilano :$bRCS editori,$c2003. 300 $a238 p. ;$c22 cm. 490 0 $aI grandi romanzi italiani ;$v18 700 1 $aFiumi, Cesare.$0(OLS)http://semarc/name/49490 830 2$aI grandi romanzi italiani ;$v18.$0(OLS)http://semarc/title/174140 850 $aSeMil 852 $aSeMil$W1$xVenegono$y1$m1A IV 254$j237188$B73823$CSeMilBibl$Z2$F130006 $81 961 $aOmaggio: Ghiringhelli prof. Livio 996 $6245$aLa forza del passato$9(OLS)http://semarc/title/174139 996 $6260$aMilano :$bRCS editori$9(OLS)http://semarc/publisher/32607